América Central /
Guardado en:
| Autor principal: | |
|---|---|
| Autores Corporativos: | , |
| Otros Autores: | |
| Formato: | Texto |
| Publicado: |
San Salvador:
FLACSO. Programa El Salvador
|
| Materias: | |
| Etiquetas: |
Agregar Etiqueta
Sin Etiquetas, Sea el primero en etiquetar este registro!
|
MARC
| LEADER | 00000 a a2200000 04500 | ||
|---|---|---|---|
| 001 | 27024 | ||
| 003 | |||
| 040 | |||
| 090 | |a 183303 | ||
| 100 | |a Córdova Macías, Ricardo | ||
| 110 | |a FUNDAUNGO | ||
| 245 | |a América Central / |c FUNDAUNGO | ||
| 260 | |a San Salvador: |b FLACSO. Programa El Salvador | ||
| 300 | |a 217 p; vol. 1 |b **no definido** |b fonodiscos |b **no definido** | ||
| 650 | |a GOBIERNO LOCAL | ||
| 650 | |a PARTICIPACION POLITICA | ||
| 650 | |a CIUDADANIA | ||
| 650 | |a CABILDEO | ||
| 700 | |a Seligson, Mitchell A | ||
| 710 | |a Universidad de Pittsburgh. Departamento de Ciencias Políticas | ||
| 999 | |c 13371 |d 13371 | ||
